Osobitosti marketingového výskumu na trhu podnikateľských subjektov diplomová práca

Saved in:
Bibliographic Details
Main Author: Maľcovská, Mária
Corporate Author: Obchodná fakulta EU. Katedra marketingu
Other Authors: Žák, Štefan, 1971-
Format: Book
Language:Slovak
Published: Bratislava 2018
Tags: Add Tag
No Tags, Be the first to tag this record!

MARC

LEADER 00000nbm a2200000 4500
001 0243206
005 20180817113601.8
041 0 |a slo 
044 |a SK 
245 1 0 |a Osobitosti marketingového výskumu na trhu podnikateľských subjektov  |b diplomová práca  |c Mária Maľcovská ; školiteľ: Štefan Žák 
264 1 |a Bratislava  |c 2018 
300 |a 72 s. 
100 1 |a Maľcovská, Mária 
700 1 |a Žák, Štefan, 1971- 
710 2 |a Obchodná fakulta EU. Katedra marketingu